Gaming Quiz

Random Gaming or Pokémon Quiz
Score 0/17 Timer 04:00
0 Plays Today
Pokédex # Pokémon Name % Correct
166Ledian
100%
155Cyndaquil
98%
158Totodile
98%
165Ledyba
98%
168Ariados
95.9%
200Misdreavus
93.9%
206Dunsparce
93.9%
239Elekid
93.9%
228Houndour
91.8%
Pokédex # Pokémon Name % Correct
229Houndoom
91.8%
230Kingdra
91.8%
232Donphan
91.8%
225Delibird
89.8%
216Teddiursa
85.7%
223Remoraid
85.7%
185Sudowoodo
77.6%
186Politoed
75.5%
Remove Ads.
Support Sporcle.
Get the best of Sporcle when you Go Orange. This ad-free experience offers more features, more stats, and more fun while also helping to support Sporcle. Thank you for becoming a member.

You're not logged in!

Compare scores with friends on all Sporcle quizzes.
OR
Log In

Show Comments

Extras

Created Jan 4, 2019ReportNominate
Tags:Pokémon Quiz, All Pokémon

Top Quizzes Today


Score Distribution

Your Account Isn't Verified!

In order to create a playlist on Sporcle, you need to verify the email address you used during registration. Go to your Sporcle Settings to finish the process.

Report this User

Report this user for behavior that violates our Community Guidelines.

Details: